| 000 | 00562nam a2200205Ia 4500 | ||
|---|---|---|---|
| 003 | LK-CoDNM | ||
| 005 | 20241210102937.0 | ||
| 008 | 010623t1985 xxu||||| |||| 00| 1 sin d | ||
| 040 |
_aLK-CoDNM _dLK-CoDNM _eLK-CoDNM |
||
| 041 | _asin | ||
| 080 |
_a8 C-3 _b DHA |
||
| 100 | _aVanarathna, Ranjithred | ||
| 245 | _aසද්දර්මරත්නාවලිය | ||
| 246 | _aSaddarmarathnavaliya | ||
| 260 |
_bSamayawardena bookshop _aColombo _c1985 |
||
| 300 | _b(vi), 77p. : 22 cm | ||
| 650 | _aBuddhist culture | ||
| 650 | _aLiterature | ||
| 942 | _cBK | ||
| 999 |
_c113061 _d113061 |
||